[Event "Anna Chess Players Memorial"]
[Site "Anna"]
[Date "2014.08.31"]
[Round "4"]
[White "Polyansky, Viktor"]
[Black "Geranichev, Mikhail"]
[Result "1-0"]
[WhiteElo "1980"]
[BlackElo "2115"]
[PlyCount "55"]
[EventDate "2014.08.30"]
[EventType "swiss"]
[EventRounds "9"]
[EventCountry "RUS"]
[SourceTitle "EXT 2018"]
[Source "ChessBase"]
[SourceDate "2017.10.13"]
[SourceVersion "1"]
[SourceVersionDate "2017.10.13"]
[SourceQuality "1"]

1. e4 e6 2. d4 d5 3. Nc3 dxe4 4. Nxe4 Nd7 5. Nf3 Ngf6 6. Bg5 Be7 7. Nxf6+ Nxf6 8. Bd3 h6 9. Bxf6 Bxf6 10. 0-0 c5 11. dxc5 0-0 12. c3 Qc7 13. Qe2 Qxc5 14. Qe4 g6 15. Rfe1 Kg7 16. Rad1 Bd7 17. Nd4 Bxd4 18. cxd4 Qb6 19. Re3 Bc6 20. Qe5+ f6 21. Qg3 g5 22. Rxe6 Rad8 23. Re7+ Rf7 24. Rxf7+ Kxf7 25. Qg4 Qxb2 26. Re1 Qxd4 27. Qh5+ Kg8 28. Qg6+ 1-0

[Event "Anna Chess Players Memorial"]
[Site "Anna"]
[Date "2014.08.31"]
[Round "5"]
[White "Shumsky, Vladimir"]
[Black "Polyansky, Viktor"]
[Result "0-1"]
[WhiteElo "1839"]
[BlackElo "1980"]
[PlyCount "76"]
[EventDate "2014.08.30"]
[EventType "swiss"]
[EventRounds "9"]
[EventCountry "RUS"]
[SourceTitle "EXT 2018"]
[Source "ChessBase"]
[SourceDate "2017.10.13"]
[SourceVersion "1"]
[SourceVersionDate "2017.10.13"]
[SourceQuality "1"]

1. d4 e6 2. Nf3 f5 3. g3 Nf6 4. Bg2 d6 5. 0-0 Be7 6. c4 0-0 7. Nc3 Nc6 8. Re1 e5 9. d5 Na5 10. b3 Ne4 11. Qc2 c5 12. Nd2 Nxc3 13. Qxc3 e4 14. Bb2 Bf6 15. Qc2 Rb8 16. e3 b5 17. Bf1 bxc4 18. Bxf6 Qxf6 19. Nxc4 Nxc4 20. Bxc4 a5 21. a4 Rb4 22. Rac1 Bd7 23. Qe2 Qe5 24. h4 g6 25. Qd1 Qg7 26. Qc2 Qf6 27. Qc3 Qxc3 28. Rxc3 Kg7 29. Kf1 Kf6 30. Ke2 Ke5 31. Rd1 h6 32. Rcc1 Be8 33. Rd2 g5 34. hxg5 hxg5 35. Kf1 Bh5 36. f4+ exf3 37. Kf2 Rh8 38. Rh1 Rbb8 0-1

[Event "Voronezh Zagorovsky Memorial"]
[Site "Voronezh"]
[Date "2014.07.05"]
[Round "5"]
[White "Polyansky, Viktor"]
[Black "Kozlov, Sergej A"]
[Result "0-1"]
[WhiteElo "1984"]
[BlackElo "1989"]
[PlyCount "42"]
[EventDate "2014.07.01"]
[EventType "swiss"]
[EventRounds "9"]
[EventCountry "RUS"]
[SourceTitle "CBM 161 Extra"]
[Source "ChessBase"]
[SourceDate "2014.08.29"]
[SourceVersion "1"]
[SourceVersionDate "2014.08.29"]
[SourceQuality "1"]

1. e4 e6 2. d4 d5 3. Nc3 Bb4 4. e5 c5 5. a3 Bxc3+ 6. bxc3 Ne7 7. Qg4 0-0 8. Bd3 f5 9. exf6 Rxf6 10. Qh4 Nf5 11. Bxf5 exf5 12. Bg5 Qe8+ 13. Kd2 Re6 14. dxc5 Nd7 15. Be3 Re4 16. Qg3 Ne5 17. h3 Nc4+ 18. Kc1 f4 19. Qg5 fxe3 20. Qxd5+ Kh8 21. fxe3 Nxe3 0-1

[Event "Voronezh op-B 18th"]
[Site "Voronezh"]
[Date "2014.06.19"]
[Round "8"]
[White "Polyansky, Viktor"]
[Black "Okun, Evgeny"]
[Result "1/2-1/2"]
[WhiteElo "1972"]
[BlackElo "2135"]
[PlyCount "56"]
[EventDate "2014.06.12"]
[EventType "swiss"]
[EventRounds "9"]
[EventCountry "RUS"]
[SourceTitle "EXT 2015"]
[Source "ChessBase"]
[SourceDate "2014.11.20"]
[SourceVersion "1"]
[SourceVersionDate "2014.11.20"]
[SourceQuality "1"]

1. e4 c6 2. d4 d5 3. e5 c5 4. dxc5 e6 5. Be3 Nd7 6. Bb5 Qc7 7. Qd4 Ne7 8. b4 Nf5 9. Qc3 a5 10. a3 b6 11. Nf3 Nxe3 12. fxe3 bxc5 13. bxc5 Qxc5 14. Nd4 Be7 15. Qxc5 Bxc5 16. Nd2 0-0 17. N2b3 Bb6 18. Nc6 Bb7 19. 0-0 Nc5 20. Nbd4 Ne4 21. Rf3 Bc5 22. Nb3 Bxc6 23. Bxc6 Rac8 24. Bb5 Bb6 25. Bd3 Bc7 26. Bxe4 dxe4 27. Rf2 Bxe5 28. Rd1 a4 1/2-1/2